Countries Flags containing Black: Sudden Death - Statistics

General Stats
  • This quiz has been taken 60 times
  • The average score is 7 of 15
Answers on the Grid
Answers color-coded by a green-red scale on the quiz's grid according to % correct below.
Germany
China
Lebanon
Jamaica
Armenia
Greece
Lesotho
Estonia
Qatar
Cyprus
Oman
Laos
Guyana
Belgium
Zimbabwe
Saint Lucia
Nepal
Somalia
Barbados
Honduras
Kenya
Dominica
Ghana
Maldives
Brunei
Peru
Egypt
Liberia
Albania
Madagascar
 
Answer Stats
Answer % Correct
Germany
95%
Jamaica
71%
Egypt
62%
Estonia
60%
Belgium
55%
Kenya
55%
Albania
43%
Zimbabwe
43%
Barbados
40%
Ghana
40%
Lesotho
40%
Saint Lucia
40%
Brunei
31%
Dominica
29%
Guyana
21%
No matching quizzes found
Score Distribution
Percent of People with Each Score
Percentile by Number Answered
Your Score History
You have not taken this quiz